[Event "DEM U10 2005"]
[Site "Willingen GER"]
[Date "2005.05.16"]
[Round "4"]
[White "Spangenberg, Romy"]
[Black "Plotkin, Alex"]
[Result "1-0"]
[Termination "normal"]
[Board "24"]
[WhiteElo "1239"]
[BlackElo "1060"]
[PlyCount "57"]
[WhiteFideId "4627997"]
[EventCountry "GER"]
[EventRounds "11"]
[EventType "swiss"]
[EventDate "2005.05.15"]

1. e4 e5 2. Nf3 Nc6 3. d4 exd4 4. Nxd4 Nf6 5. Nxc6 bxc6 6. e5 Nd5 7. c4 Nb6 8.
Nc3 Bb4 9. Bd2 O-O 10. a3 Bc5 11. Bf4 f6 12. b4 Be7 13. c5 Nd5 14. Nxd5 fxe5
15. Bg3 Bh4 16. Bc4 Kh8 17. Ne3 Qf6 18. Bxh4 Qxh4 19. O-O Bb7 20. Qxd7 Rac8 21.
Qg4 Qf6 22. Rad1 Rce8 23. Bd3 Rf7 24. Qf5 Qxf5 25. Bxf5 Ref8 26. Be6 Rf6 27.
Bc4 Bc8 28. h3 Rg6 29. Kh1 1-0

[Event "DEM U10 2005"]
[Site "Willingen GER"]
[Date "2005.05.16"]
[Round "4"]
[White "Weber, Clemens"]
[Black "Titgemeyer, Sven"]
[Result "0-1"]
[Termination "normal"]
[Board "26"]
[WhiteElo "1165"]
[BlackElo "1041"]
[PlyCount "102"]
[WhiteFideId "12927813"]
[BlackFideId "24676934"]
[EventCountry "GER"]
[EventRounds "11"]
[EventType "swiss"]
[EventDate "2005.05.15"]

1. e4 e5 2. Nf3 Nc6 3. Nc3 Nf6 4. d3 Bb4 5. Bg5 h6 6. Bh4 d6 7. Be2 Nd4 8. O-O
Nxe2+ 9. Qxe2 Bg4 10. Nd5 Bc5 11. c3 g5 12. Bg3 Nxd5 13. exd5 Qf6 14. b4 Bb6
15. a4 a6 16. d4 Bxf3 17. gxf3 O-O-O 18. dxe5 dxe5 19. Bxe5 Qe7 20. Rfe1 Rhe8
21. Rad1 f6 22. a5 Ba7 23. Bd4 Qxe2 24. Rxe2 Rxe2 25. Bxa7 Re5 26. c4 Re2 27.
Bd4 Rc2 28. Bxf6 Rf8 29. Bg7 Rxf3 30. c5 Rfxf2 31. Be5 Rfd2 32. Rxd2 Rxd2 33.
Bg7 h5 34. Bh6 Rxd5 35. Kg2 Rd4 36. Bxg5 Rg4+ 37. Kf3 Rxg5 38. Ke3 Rg2 39. h3
Rg3+ 40. Kd4 Rxh3 41. Kd5 Rg3 42. c6 h4 43. Kc5 h3 44. b5 h2 45. bxa6 bxa6 46.
Kd4 h1=Q 47. Kc4 Qh4+ 48. Kd5 Rg5+ 49. Ke6 Qh6+ 50. Kf7 Rg7+ 51. Kf8 Qh8# 0-1

[Event "DEM U10 2005"]
[Site "Willingen GER"]
[Date "2005.05.16"]
[Round "4"]
[White "Pauly, Carlo"]
[Black "Riebold, Johannes"]
[Result "1/2-1/2"]
[Termination "normal"]
[Board "27"]
[WhiteElo "1111"]
[BlackElo "1221"]
[PlyCount "57"]
[WhiteFideId "24673269"]
[EventCountry "GER"]
[EventRounds "11"]
[EventType "swiss"]
[EventDate "2005.05.15"]

1. e4 e5 2. f4 exf4 3. Nf3 Nc6 4. d4 Nf6 5. d5 Ne7 6. Nc3 d6 7. Bc4 c6 8. Bxf4
cxd5 9. exd5 Ng6 10. Bg5 Be7 11. Qd2 h6 12. Bxf6 Bxf6 13. Qe3+ Be7 14. O-O O-O
15. Bd3 Re8 16. Qf2 Qb6 17. Qxb6 axb6 18. Bxg6 fxg6 19. Nb5 Ra5 20. a4 Rf8 21.
b4 Ra8 22. Nd2 Rxf1+ 23. Kxf1 Bd7 24. c4 Kf7 25. Ne4 Bxb5 26. cxb5 Ke8 27. a5
bxa5 28. bxa5 Kd8 29. Ke2 1/2-1/2

[Event "DEM U10 2005"]
[Site "Willingen GER"]
[Date "2005.05.16"]
[Round "4"]
[White "Collmer, Dominik"]
[Black "Chevelevitch, Valentin"]
[Result "0-1"]
[Termination "normal"]
[Board "28"]
[WhiteElo "1216"]
[BlackElo "1003"]
[PlyCount "50"]
[WhiteFideId "4620763"]
[BlackFideId "12945587"]
[EventCountry "GER"]
[EventRounds "11"]
[EventType "swiss"]
[EventDate "2005.05.15"]

1. e4 e5 2. Nf3 Nf6 3. Nxe5 d6 4. Nf3 Nxe4 5. Qe2 Qe7 6. Nc3 Nxc3 7. Qxe7+ Bxe7
8. bxc3 O-O 9. Bc4 Be6 10. Bb3 Nc6 11. O-O Bf6 12. d4 Bg4 13. Bf4 Bxf3 14. gxf3
Rfe8 15. Kg2 Na5 16. Rfe1 Nxb3 17. axb3 a6 18. Ra4 Rxe1 19. Rb4 b5 20. c4 c5
21. Bxd6 cxb4 22. Bxb4 bxc4 23. bxc4 Rc1 24. d5 Rxc2 25. c5 a5 0-1

[Event "DEM U10 2005"]
[Site "Willingen GER"]
[Date "2005.05.16"]
[Round "4"]
[White "Rührmund, Daniel"]
[Black "Geise, Maria"]
[Result "1/2-1/2"]
[Termination "normal"]
[Board "29"]
[WhiteElo "1201"]
[BlackElo "990"]
[PlyCount "134"]
[WhiteFideId "24674583"]
[EventCountry "GER"]
[EventRounds "11"]
[EventType "swiss"]
[EventDate "2005.05.15"]

1. e4 c5 2. Nf3 a6 3. d4 cxd4 4. Nxd4 Nc6 5. Nc3 Nf6 6. Be3 d6 7. Qd2 e6 8. Be2
Be7 9. O-O Qc7 10. f4 O-O 11. Qe1 b5 12. a3 Bb7 13. Bf3 Rfd8 14. Nb3 e5 15. f5
Rd7 16. Qg3 Kf8 17. Rad1 Qc8 18. Bg5 h6 19. Be3 Bd8 20. Rd2 Bc7 21. Rfd1 Qd8
22. Bg4 Nxg4 23. Qxg4 Ne7 24. f6 Ng6 25. fxg7+ Kxg7 26. Qh5 Qh8 27. Rf1 Qh7 28.
Qf5 Re7 29. Rf3 Rh8 30. Rh3 Qg8 31. Rf2 Bc8 32. Qf6+ Kf8 33. Rxh6 Rxh6 34.
Bxh6+ Ke8 35. Nd5 Rd7 36. Kf1 Qh7 37. Qxe5+ Nxe5 38. Nf6+ Ke7 39. Nxh7 Ng4 40.
Bg5+ Ke6 41. Rf4 Ne3+ 42. Ke2 Nxg2 43. Rf2 f6 44. Rxg2 Rxh7 45. Bf4 Bb7 46.
Nd4+ Ke7 47. Nf5+ Kd7 48. Rg7+ Rxg7 49. Nxg7 Bxe4 50. c3 Ke7 51. h4 Kf7 52. Nh5
Kg6 53. Ng3 Bd5 54. h5+ Kh7 55. Nf5 Bc4+ 56. Ke3 Bb6+ 57. Kd2 d5 58. Ng3 d4 59.
cxd4 Bxd4 60. Kc2 a5 61. b3 Bf7 62. h6 Bg6+ 63. Kc1 Bc5 64. Kb2 Bd4+ 65. Ka2
Bc5 66. Kb2 Bd4+ 67. Ka2 Bc5 1/2-1/2

[Event "DEM U10 2005"]
[Site "Willingen GER"]
[Date "2005.05.16"]
[Round "4"]
[White "Scheel, Henrik"]
[Black "Winterholler, Christina"]
[Result "0-1"]
[Termination "normal"]
[Board "30"]
[WhiteElo "986"]
[BlackElo "1200"]
[PlyCount "32"]
[WhiteFideId "24692115"]
[BlackFideId "24652105"]
[EventCountry "GER"]
[EventRounds "11"]
[EventType "swiss"]
[EventDate "2005.05.15"]

1. e4 e5 2. Nf3 Nc6 3. Bc4 Bc5 4. d3 Nf6 5. Bg5 h6 6. Bh4 O-O 7. Nc3 d6 8. Nd5
Bg4 9. Nxf6+ gxf6 10. O-O Nd4 11. Kh1 Kh8 12. Qd2 Nxf3 13. Qxh6+ Kg8 14. gxf3
Bxf3+ 15. Kg1 Qd7 16. Bxf6 Qg4# 0-1

[Event "DEM U10 2005"]
[Site "Willingen GER"]
[Date "2005.05.16"]
[Round "4"]
[White "Rethmann, Kristin"]
[Black "Sommer, Celin"]
[Result "1-0"]
[Termination "normal"]
[Board "31"]
[WhiteElo "863"]
[BlackElo "1162"]
[PlyCount "51"]
[WhiteFideId "24655805"]
[EventCountry "GER"]
[EventRounds "11"]
[EventType "swiss"]
[EventDate "2005.05.15"]

1. e4 e5 2. Bc4 Bc5 3. d3 Nf6 4. Nc3 Nc6 5. Bg5 d6 6. f3 Bd7 7. Qe2 Qe7 8. Nd5
Qd8 9. O-O-O h6 10. Be3 Nxd5 11. Bxd5 Qf6 12. g4 Nb4 13. Bxb7 Rb8 14. Bd5 Nxd5
15. exd5 e4 16. c3 O-O 17. dxe4 Bxe3+ 18. Qxe3 Rb7 19. h4 Rfb8 20. Rd2 Rb6 21.
g5 hxg5 22. hxg5 Qd8 23. f4 f6 24. g6 Qe7 25. Rdh2 Qf7 26. Rh8# 1-0

[Event "DEM U10 2005"]
[Site "Willingen GER"]
[Date "2005.05.16"]
[Round "4"]
[White "Grzeca, Pascal"]
[Black "Bakalarz, Bianca"]
[Result "1-0"]
[Termination "normal"]
[Board "32"]
[WhiteElo "1142"]
[BlackElo "983"]
[PlyCount "65"]
[WhiteFideId "24600741"]
[EventCountry "GER"]
[EventRounds "11"]
[EventType "swiss"]
[EventDate "2005.05.15"]

1. e4 c5 2. Nf3 Nc6 3. Bc4 Nf6 4. Nc3 e6 5. O-O Be7 6. d3 O-O 7. Re1 d5 8. Bb3
d4 9. Ne2 Qd6 10. Ng3 Bd7 11. e5 Qc7 12. exf6 Bxf6 13. Ne4 Be7 14. c3 Rad8 15.
g3 b5 16. c4 b4 17. Bc2 f5 18. Ned2 f4 19. Ne4 e5 20. Nfd2 Qc8 21. Ba4 Bg4 22.
Qc2 Bh3 23. Nf3 Qg4 24. Bxc6 Qxf3 25. Nf6+ Bxf6 26. Bxf3 Bg5 27. Bd5+ Kh8 28.
Rxe5 f3 29. Bxg5 h6 30. Rae1 Rc8 31. Bxh6 gxh6 32. Qd2 h5 33. Qh6# 1-0

[Event "DEM U10 2005"]
[Site "Willingen GER"]
[Date "2005.05.16"]
[Round "4"]
[White "Schäfer, Ann-Kathrin"]
[Black "Oltzen, Aljoscha"]
[Result "0-1"]
[Termination "normal"]
[Board "33"]
[WhiteElo "1118"]
[BlackElo "933"]
[PlyCount "74"]
[WhiteFideId "24615412"]
[EventCountry "GER"]
[EventRounds "11"]
[EventType "swiss"]
[EventDate "2005.05.15"]

1. d4 e6 2. Nf3 d5 3. e3 Nf6 4. Bd3 c5 5. c4 Bd6 6. Nbd2 Nc6 7. O-O cxd4 8.
exd4 b6 9. Re1 Qc7 10. Qb3 O-O 11. a3 Na5 12. Qc2 dxc4 13. Nxc4 Nxc4 14. Bxc4
b5 15. Bd3 Qxc2 16. Bxc2 Nd7 17. Be4 Rb8 18. b4 Bb7 19. Bb2 Bxe4 20. Rxe4 Rbe8
21. Rae1 Re7 22. Rg4 f5 23. Rh4 h6 24. Ne5 Nxe5 25. dxe5 Bb8 26. Re3 Rc7 27.
Rg3 Rc2 28. Rxh6 Rxb2 29. h3 Bxe5 30. Rxg7+ Kxg7 31. Rg6+ Kxg6 32. g3 Rd8 33.
a4 bxa4 34. h4 Bxg3 35. Kf1 Rxf2+ 36. Ke1 Rh2+ 37. Kf1 Rd1# 0-1

[Event "DEM U10 2005"]
[Site "Willingen GER"]
[Date "2005.05.16"]
[Round "4"]
[White "Zeller, Elisa"]
[Black "Volz, Alexander"]
[Result "0-1"]
[Termination "normal"]
[Board "34"]
[WhiteElo "794"]
[BlackElo "1117"]
[PlyCount "76"]
[WhiteFideId "24662410"]
[BlackFideId "4669126"]
[EventCountry "GER"]
[EventRounds "11"]
[EventType "swiss"]
[EventDate "2005.05.15"]

1. e4 e5 2. Bc4 Nf6 3. Nc3 Nc6 4. Nf3 d6 5. h3 Be7 6. d3 h6 7. O-O O-O 8. Be3
Be6 9. Bb5 a6 10. Bxc6 bxc6 11. Re1 Rb8 12. Qe2 Rxb2 13. Rad1 Bxa2 14. Nxa2
Rxa2 15. d4 exd4 16. Nxd4 Nxe4 17. Nxc6 Qd7 18. Nxe7+ Qxe7 19. Bf4 f5 20. Qc4+
Qf7 21. Qc6 Ra5 22. c4 Rc5 23. Qxa6 Rxc4 24. Rd3 Nc5 25. Qa1 Nxd3 26. Rb1 Rxf4
27. Qa6 Nxf2 28. Rf1 Re8 29. Qc6 Ree4 30. Rxf2 Re1+ 31. Kh2 Rxf2 32. Qc3 Ree2
33. h4 Rxg2+ 34. Kh3 Rh2+ 35. Kg3 Qg6+ 36. Kf3 Qg2+ 37. Kf4 Rxh4+ 38. Kxf5 Qg5#
0-1

[Event "DEM U10 2005"]
[Site "Willingen GER"]
[Date "2005.05.16"]
[Round "4"]
[White "Düssler, Stefanie"]
[Black "Spilke, Paul"]
[Result "1-0"]
[Termination "normal"]
[Board "35"]
[WhiteElo "1087"]
[BlackElo "893"]
[PlyCount "127"]
[WhiteFideId "4634780"]
[EventCountry "GER"]
[EventRounds "11"]
[EventType "swiss"]
[EventDate "2005.05.15"]

1. e4 e5 2. Nf3 Nc6 3. Bb5 Nf6 4. d3 Bc5 5. Bxc6 dxc6 6. Nxe5 Qe7 7. f4 Bd6 8.
Nf3 Bc5 9. h3 O-O 10. Qe2 Re8 11. Nc3 Bb4 12. Bd2 Bxc3 13. Bxc3 Nd5 14. Bd2 f5
15. e5 Nb4 16. Bxb4 Qxb4+ 17. c3 Qxf4 18. O-O Qg3 19. d4 f4 20. Qf2 Qg6 21. Nh4
Qe6 22. Qxf4 Bd7 23. Qe3 Qe7 24. Nf3 b6 25. Rad1 c5 26. d5 c6 27. d6 Qe6 28.
Rfe1 Qxa2 29. Qd2 Qf7 30. Ng5 Qg6 31. Qf4 h6 32. Nf3 Bxh3 33. Nh4 Qg5 34. Qxg5
hxg5 35. Ng6 Bg4 36. Rd2 Re6 37. Ne7+ Kf8 38. Nxc6 Ke8 39. d7+ Kf7 40. d8=N+
Kg6 41. Nxe6 Bxe6 42. Rd6 Re8 43. Nxa7 Kf5 44. Rxb6 Bd5 45. Nb5 Rxe5 46. Nd6+
Kf4 47. g3+ Kxg3 48. Rxe5 Bf3 49. Rxg5+ Bg4 50. Rxg7 c4 51. Rxg4+ Kxg4 52. Nxc4
Kf5 53. Rb8 Ke6 54. Rd8 Kf5 55. Re8 Kf6 56. b4 Kf5 57. b5 Kf6 58. b6 Kf5 59. b7
Kf6 60. b8=Q Kg6 61. Qf4 Kg7 62. Re3 Kg6 63. Rg3+ Kh5 64. Qg5# 1-0

[Event "DEM U10 2005"]
[Site "Willingen GER"]
[Date "2005.05.16"]
[Round "4"]
[White "Pohl, Theresa"]
[Black "Fischer, Franziska"]
[Result "1-0"]
[Termination "normal"]
[Board "36"]
[WhiteElo "1049"]
[BlackElo "861"]
[PlyCount "43"]
[BlackFideId "12924199"]
[EventCountry "GER"]
[EventRounds "11"]
[EventType "swiss"]
[EventDate "2005.05.15"]

1. d4 d5 2. Nf3 Nc6 3. g3 Bf5 4. a3 Nf6 5. Bg2 Qd6 6. Bf4 Qe6 7. Nc3 O-O-O 8.
O-O Rg8 9. Nb5 Rd7 10. Ng5 Bxc2 11. Qxc2 Qg4 12. Bf3 Qf5 13. Qxf5 g6 14. Qc2 a6
15. Nc3 Nxd4 16. Qd3 Nf5 17. Rac1 e6 18. Be5 Be7 19. Nxf7 d4 20. Ne4 Nxe4 21.
Qxe4 Rf8 22. Qxb7# 1-0

[Event "DEM U10 2005"]
[Site "Willingen GER"]
[Date "2005.05.16"]
[Round "4"]
[White "Brühan, Jan"]
[Black "Schröder, Björn"]
[Result "1-0"]
[Termination "normal"]
[Board "38"]
[WhiteElo "784"]
[BlackElo "1035"]
[PlyCount "49"]
[EventCountry "GER"]
[EventRounds "11"]
[EventType "swiss"]
[EventDate "2005.05.15"]

1. e4 e5 2. Nf3 Nc6 3. Nc3 Bb4 4. Bc4 Nf6 5. d3 Bxc3+ 6. bxc3 O-O 7. Bg5 d6 8.
Bd5 Bd7 9. O-O h6 10. Bh4 Rc8 11. Rb1 b6 12. d4 exd4 13. cxd4 Bg4 14. Bxc6 Re8
15. Re1 Re6 16. d5 Re7 17. h3 Bh5 18. Qd4 a5 19. Bxf6 gxf6 20. Qxf6 Bg6 21. Nh4
Bxe4 22. f3 Bxc2 23. Rxe7 Bxb1 24. Qxf7+ Kh8 25. Qh7+ 1-0

[Event "DEM U10 2005"]
[Site "Willingen GER"]
[Date "2005.05.16"]
[Round "4"]
[White "Steinicke, Rebecca"]
[Black "Princeataia, Elina"]
[Result "1-0"]
[Termination "normal"]
[Board "39"]
[WhiteElo "1019"]
[BlackElo "729"]
[PlyCount "43"]
[EventCountry "GER"]
[EventRounds "11"]
[EventType "swiss"]
[EventDate "2005.05.15"]

1. e4 e5 2. Nf3 Nc6 3. Bc4 Nf6 4. Nc3 Bc5 5. d3 O-O 6. Bg5 h6 7. Bh4 d6 8. O-O
Be6 9. Bb3 Nd4 10. h3 Nxb3 11. axb3 Qd7 12. Bxf6 gxf6 13. d4 exd4 14. Nxd4 Bxh3
15. gxh3 Qxh3 16. Qf3 Qh4 17. Nf5 Qg5+ 18. Kh1 Kh8 19. Rg1 Qd2 20. Qg3 Rg8 21.
Ng7 Rxg7 22. Qxg7# 1-0

[Event "DEM U10 2005"]
[Site "Willingen GER"]
[Date "2005.05.16"]
[Round "4"]
[White "Bluhm, Sonja Maria"]
[Black "Meir, Lenz"]
[Result "0-1"]
[Termination "normal"]
[Board "42"]
[WhiteElo "797"]
[BlackElo "993"]
[PlyCount "130"]
[WhiteFideId "24654027"]
[EventCountry "GER"]
[EventRounds "11"]
[EventType "swiss"]
[EventDate "2005.05.15"]

1. e4 c5 2. Nf3 d6 3. d4 cxd4 4. Nxd4 Nf6 5. Nc3 g6 6. Be2 Bg7 7. Be3 O-O 8.
O-O a6 9. Nb3 Nc6 10. h3 e5 11. Rc1 Be6 12. Qd2 Qc7 13. Rcd1 Rfd8 14. Na4 Nxe4
15. Bb6 Qxb6 16. Nxb6 Nxd2 17. Nxa8 Nxf1 18. Rxf1 Rxa8 19. Nd2 Bxa2 20. Ne4 Bd5
21. Nxd6 Nb4 22. c4 Bc6 23. c5 Rd8 24. Rc1 Bf8 25. Rd1 Nd5 26. Nc4 b5 27. Nb6
Bxc5 28. Nxd5 Rxd5 29. Rxd5 Bxd5 30. Bg4 f5 31. Bd1 Bc4 32. b3 Bd3 33. g3 e4
34. g4 fxg4 35. hxg4 Kf7 36. Kg2 h5 37. gxh5 gxh5 38. Kg3 e3 39. fxe3 Bxe3 40.
Kf3 Bc5 41. Kg2 Kg6 42. Kh3 Kg5 43. Kg3 h4+ 44. Kh3 Bf5+ 45. Kg2 Kf4 46. Kh2 h3
47. Be2 Bd6 48. Bf1 Kf3+ 49. Kh1 h2 50. Bg2+ Ke3 51. Bh3 Be4+ 52. Bg2 Bxg2+ 53.
Kxg2 Kd3 54. Kh1 Kc3 55. b4 Kxb4 56. Kg2 a5 57. Kh1 a4 58. Kg2 a3 59. Kh1 a2
60. Kg2 a1=Q 61. Kh3 h1=Q+ 62. Kg4 Qaf1 63. Kg5 Qhg1+ 64. Kh4 Qff2+ 65. Kh3
Qfh2# 0-1

[Event "DEM U10 2005"]
[Site "Willingen GER"]
[Date "2005.05.16"]
[Round "4"]
[White "Kalliwoda, Theresa"]
[Black "Schnorr, Christian"]
[Result "1/2-1/2"]
[Termination "normal"]
[Board "44"]
[WhiteElo "868"]
[BlackElo "1143"]
[PlyCount "82"]
[EventCountry "GER"]
[EventRounds "11"]
[EventType "swiss"]
[EventDate "2005.05.15"]

1. e4 c5 2. b4 cxb4 3. c3 d5 4. d3 dxe4 5. cxb4 Bf5 6. d4 Nc6 7. Bb5 Bd7 8.
Bxc6 Bxc6 9. Ne2 e5 10. O-O exd4 11. Nxd4 Bxb4 12. Nxc6 Qxd1 13. Rxd1 bxc6 14.
Rd4 Bc5 15. Rxe4+ Ne7 16. Na3 O-O 17. Nc4 Rad8 18. Ba3 Bxa3 19. Nxa3 Rd7 20.
Rae1 Rfd8 21. g3 Re8 22. Nc4 f6 23. Na5 c5 24. Nc6 Kf7 25. h4 Rc7 26. Na5 Rcc8
27. Rc4 Nf5 28. Rxe8 Kxe8 29. Nb3 Nd6 30. Rxc5 Rxc5 31. Nxc5 a5 32. Kg2 Kf7 33.
Kh3 f5 34. g4 g6 35. f3 Kf6 36. Nd7+ Kg7 37. Ne5 Kh6 38. a4 f4 39. g5+ Kg7 40.
Nd7 Kf7 41. Nf6 h6 1/2-1/2

[Event "DEM U10 2005"]
[Site "Willingen GER"]
[Date "2005.05.16"]
[Round "4"]
[White "Greilich, Sophie"]
[Black "Pannier, Lukas"]
[Result "0-1"]
[Termination "normal"]
[Board "45"]
[WhiteElo "793"]
[BlackElo "948"]
[PlyCount "118"]
[EventCountry "GER"]
[EventRounds "11"]
[EventType "swiss"]
[EventDate "2005.05.15"]

1. e4 e5 2. Nc3 Nf6 3. Nf3 Nc6 4. Bc4 Bc5 5. d3 h6 6. Be3 Bxe3 7. fxe3 O-O 8.
O-O d6 9. h3 Bd7 10. Nh2 a6 11. Kh1 b5 12. Bd5 Rb8 13. Bxc6 Bxc6 14. Rg1 b4 15.
Nb1 d5 16. Nf3 Re8 17. g4 dxe4 18. dxe4 Qxd1 19. Rxd1 Bxe4 20. Nbd2 Rbc8 21.
Rg1 Red8 22. Nxe4 Nxe4 23. Rg2 f6 24. h4 Rd7 25. g5 fxg5 26. hxg5 h5 27. Nh4
Rcd8 28. Nf5 g6 29. Nh4 Rd2 30. Rxd2 Rxd2 31. Nxg6 Ng3+ 32. Kg1 Ne2+ 33. Kf2
Rxc2 34. Nxe5 Rxb2 35. g6 h4 36. Rh1 Ng3+ 37. Kf3 Nxh1 38. Kf4 Rf2+ 39. Kg5 h3
40. Kh6 h2 41. g7 Rf6+ 42. Kg5 Rf5+ 43. Kg6 Rxe5 44. Kf6 Nf2 45. Kxe5 h1=Q 46.
Kf6 Qg1 47. Kf5 Qxg7 48. e4 Nxe4 49. Kxe4 Qf6 50. Kd5 Qe7 51. Kc6 Qe5 52. Kb7
c5 53. Kxa6 c4 54. a4 Qb8 55. a5 Qd6+ 56. Ka7 b3 57. a6 b2 58. Kb7 b1=R+ 59.
Kc8 Rb8# 0-1